Propuesta de diseño de la nueva terminal de transbordadores en Puerto Paquera
Guardado en:
| Autor principal: | |
|---|---|
| Otros Autores: | |
| Formato: | Desconocido |
| Lenguaje: | Spanish |
| Publicado: |
[San José], Costa Rica
2016
|
| Materias: | |
| Etiquetas: |
Agregar Etiqueta
Sin Etiquetas, Sea el primero en etiquetar este registro!
|
MARC
| LEADER | 00000 a2200000 4500 | ||
|---|---|---|---|
| 003 | EA0160 | ||
| 005 | 20230224153936.0 | ||
| 008 | 140114s2016 cr a 000 ||spa d | ||
| 040 | |c cru CEDI | ||
| 090 | |a TFG EA-160 | ||
| 100 | |a Brizuela Hurtado, Greyvin Adolfo |9 20296 | ||
| 245 | |a Propuesta de diseño de la nueva terminal de transbordadores en Puerto Paquera | ||
| 260 | |a [San José], Costa Rica |c 2016 | ||
| 500 | |a Proyecto de graduación (licenciatura en arquitectura)--Universidad de Costa Rica. Facultad de Ingeniería. Escuela de Arquitectura | ||
| 501 | |a Director de Proyecto de Graduación: Arq. José Enrique Garnier Zamora, Dr | ||
| 650 | |x TERMINALES MARITIMOS - DISEÑO Y CONSTRUCCION - PAQUERA (PUNTARENAS, COSTA RICA) |x MUELLES - DISEÑOS Y PLANOS - PAQUERA (PUNTARENAS, COSTA RICA) |x DISEÑO ARQUITECTONICO - PAQUERA (PUNTARENAS, COSTA RICA) |x URBANISMO - PAQUERA (PUNTARENAS, COSTA RICA) |9 20297 | ||
| 700 | |9 72 |a Garnier Zamora, José Enrique, 1957- |d Director del TFG | ||
| 942 | |c CEDI | ||
| 999 | |c 13150 |d 13150 | ||
